Punching in : (Record no. 961)

000 -LEADER
fixed length control field 01975nam a22004697a 4500
001 - CONTROL NUMBER
control field 14846356
003 - CONTROL NUMBER IDENTIFIER
control field OSt
005 - DATE AND TIME OF LATEST TRANSACTION
control field 20210426111626.0
008 - FIXED-LENGTH DATA ELEMENTS--GENERAL INFORMATION
fixed length control field 070510s2007 nyu b 001 0 eng
010 ## - LIBRARY OF CONGRESS CONTROL NUMBER
LC control number 2007019989
020 ## - INTERNATIONAL STANDARD BOOK NUMBER
International Standard Book Number 9780060849665
020 ## - INTERNATIONAL STANDARD BOOK NUMBER
International Standard Book Number 0060849665
035 ## - SYSTEM CONTROL NUMBER
System control number (OCoLC)ocn128237812
035 ## - SYSTEM CONTROL NUMBER
System control number (OCoLC)128237812
040 ## - CATALOGING SOURCE
Original cataloging agency DLC
Transcribing agency DLC
Modifying agency BAKER
-- BTCTA
-- C#P
-- GL4
-- BWX
-- YDXCP
-- UAT
-- VP@
-- DLC
Language of cataloging eng
041 ## - LANGUAGE CODE
Language code of text/sound track or separate title eng
050 00 - LIBRARY OF CONGRESS CALL NUMBER
Classification number HF5549.5.M63
Item number F725 2007
080 ## - UNIVERSAL DECIMAL CLASSIFICATION NUMBER
Universal Decimal Classification number 005
Item number F-85
082 00 - DEWEY DECIMAL CLASSIFICATION NUMBER
Classification number 658.3/14
Edition number 22
100 1# - MAIN ENTRY--PERSONAL NAME
Personal name Frankel, Alex.
245 10 - TITLE STATEMENT
Title Punching in :
Remainder of title the unauthorized adventures of a front-line employee /
Statement of responsibility, etc. / by: Collins/HarperCollins Publishers
250 ## - EDITION STATEMENT
Edition statement 1st edition
260 ## - PUBLICATION, DISTRIBUTION, ETC.
Place of publication, distribution, etc. New York :
Name of publisher, distributor, etc. Collins/HarperCollins Publishers
Date of publication, distribution, etc. c2007.
300 ## - PHYSICAL DESCRIPTION
Extent 222 p. ;
Dimensions 24 cm.
365 ## - TRADE PRICE
Price amount 24.95 usd
504 ## - BIBLIOGRAPHY, ETC. NOTE
Bibliography, etc. note Includes bibliographical references (p. [209]-211) and index.
505 0# - FORMATTED CONTENTS NOTE
Formatted contents note Introduction: becoming one of them -- The other army -- One great employee -- Two truths and one lie -- Into the fold -- Get big, stay small -- In the red zone -- Conslusion: self selection.
650 #0 - SUBJECT ADDED ENTRY--TOPICAL TERM
Topical term or geographic name entry element Employee motivation.
650 #0 - SUBJECT ADDED ENTRY--TOPICAL TERM
Topical term or geographic name entry element Management
9 (RLIN) 324
650 #0 - SUBJECT ADDED ENTRY--TOPICAL TERM
Topical term or geographic name entry element Employee loyalty.
650 #0 - SUBJECT ADDED ENTRY--TOPICAL TERM
Topical term or geographic name entry element Organizational commitment.
650 #0 - SUBJECT ADDED ENTRY--TOPICAL TERM
Topical term or geographic name entry element Interpersonal relations.
650 #0 - SUBJECT ADDED ENTRY--TOPICAL TERM
Topical term or geographic name entry element Employee motivation
Form subdivision Case studies.
650 #0 - SUBJECT ADDED ENTRY--TOPICAL TERM
Topical term or geographic name entry element Employee loyalty
Form subdivision Case studies.
653 ## - INDEX TERM--UNCONTROLLED
Uncontrolled term მართვა
653 ## - INDEX TERM--UNCONTROLLED
Uncontrolled term თანამშრომელთა მოტივაცია
856 41 - ELECTRONIC LOCATION AND ACCESS
Materials specified Table of contents only
Uniform Resource Identifier <a href="http://www.loc.gov/catdir/toc/ecip0718/2007019989.html">http://www.loc.gov/catdir/toc/ecip0718/2007019989.html</a>
856 42 - ELECTRONIC LOCATION AND ACCESS
Materials specified Contributor biographical information
Uniform Resource Identifier <a href="http://www.loc.gov/catdir/enhancements/fy1308/2007019989-b.html">http://www.loc.gov/catdir/enhancements/fy1308/2007019989-b.html</a>
906 ## - LOCAL DATA ELEMENT F, LDF (RLIN)
a 7
b cbc
c orignew
d 1
e ecip
f 20
g y-gencatlg
942 ## - ADDED ENTRY ELEMENTS (KOHA)
Source of classification or shelving scheme
Koha item type Books
Edition 1
Holdings
Withdrawn status Lost status Source of classification or shelving scheme Damaged status Not for loan Permanent location Current location Date acquired Inventory number Total Checkouts Full call number Barcode Date last seen Price effective from Koha item type
          Ken Walker International University Ken Walker International University 01/27/2021 2477   005 F-85 2477 01/27/2021 01/27/2021 Books

Powered by Koha